Encyklopedie daňových rájů a jejich využití

Na minha lista:
Detalhes bibliográficos
Autor principal: Petrovič, Pavel
Formato: Livro
Idioma:tcheco
Publicado em: Praha AKONT 1998
Assuntos:
Tags: Adicionar Tag
Sem tags, seja o primeiro a adicionar uma tag!

MARC

LEADER 00000nam a2200000 4500
001 c116639
005 20221109093415.2
041 0 |a cze 
044 |a CZ 
245 1 0 |a Encyklopedie daňových rájů a jejich využití  |c Pavel Petrovič a kol. 
264 1 |a Praha  |b AKONT  |c 1998 
300 |a 458 s. 
610 2 0 |a dane 
610 2 0 |a politika daňová 
610 2 0 |a offshore 
610 2 0 |a história 
610 2 0 |a zákony 
610 2 0 |a oslobodenie od daní 
610 2 0 |a spoločnosti 
610 2 0 |a trusty 
610 2 0 |a nadácie 
610 2 0 |a banky 
610 2 0 |a banky zahraničné 
610 2 0 |a pobočky bankové 
610 2 0 |a obchod 
610 2 0 |a podnikanie 
610 2 0 |a zdaňovanie 
610 2 0 |a krajiny vyspelé 
610 2 0 |a porovnanie medzinárodné 
610 2 0 |a legislatíva 
610 2 0 |a Česko 
610 2 0 |a Európa 
100 1 |a Petrovič, Pavel